Модификация углеродсодержащих электродов солями арилдиазоя методом вольтамперометрии; Перспективы развития фундаментальных наук; Т. 2 : Химия
| Parent link: | Перспективы развития фундаментальных наук=Prospects of Fundamental Sciences Development: сборник научных трудов XV Международной конференции студентов, аспирантов и молодых ученых, г. Томск, 24-27 апреля 2018 г./ Национальный исследовательский Томский политехнический университет (ТПУ) ; под ред. И. А. Курзиной, Г. А. Вороновой.— , 2018 Т. 2 : Химия.— 2018.— [С. 87-89] |
|---|---|
| Autor principal: | |
| Autor corporatiu: | |
| Altres autors: | |
| Sumari: | Заглавие с экрана This article is concerned with the aryldiazonium salts application as modifiers for the development of new organically modified solid carbon-containing electrodes by voltammetry. Various electrode materials and modification conditions (residence time in solution, concentration, background electrolytes, etc.). |
| Idioma: | rus |
| Publicat: |
2018
|
| Matèries: | |
| Accés en línia: | http://earchive.tpu.ru/handle/11683/50722 |
| Format: | MixedMaterials Electrònic Capítol de llibre |
| KOHA link: | https://koha.lib.tpu.ru/cgi-bin/koha/opac-detail.pl?biblionumber=627504 |
MARC
| LEADER | 00000naa2a2200000 4500 | ||
|---|---|---|---|
| 001 | 627504 | ||
| 005 | 20231101133450.0 | ||
| 035 | |a (RuTPU)RU\TPU\conf\27373 | ||
| 035 | |a RU\TPU\conf\27368 | ||
| 090 | |a 627504 | ||
| 100 | |a 20180910d2018 k y0rusy50 ca | ||
| 101 | 0 | |a rus |d eng | |
| 102 | |a RU | ||
| 105 | |a y z 100zy | ||
| 135 | |a drcn ---uucaa | ||
| 181 | 0 | |a i | |
| 182 | 0 | |a b | |
| 200 | 1 | |a Модификация углеродсодержащих электродов солями арилдиазоя методом вольтамперометрии |d Modification of carbon-containing electrodes by aryldiase soils by voltamprometry |f А. О. Гусар |g науч. рук. Е. В. Дорожко | |
| 203 | |a Текст |c электронный | ||
| 230 | |a 1 компьютерный файл (pdf; 697 Kb) | ||
| 300 | |a Заглавие с экрана | ||
| 320 | |a [Библиогр.: с. 89 (2 назв.)] | ||
| 330 | |a This article is concerned with the aryldiazonium salts application as modifiers for the development of new organically modified solid carbon-containing electrodes by voltammetry. Various electrode materials and modification conditions (residence time in solution, concentration, background electrolytes, etc.). | ||
| 461 | 1 | |0 (RuTPU)RU\TPU\conf\26928 |t Перспективы развития фундаментальных наук |l Prospects of Fundamental Sciences Development |o сборник научных трудов XV Международной конференции студентов, аспирантов и молодых ученых, г. Томск, 24-27 апреля 2018 г. |o в 7 т. |f Национальный исследовательский Томский политехнический университет (ТПУ) ; под ред. И. А. Курзиной, Г. А. Вороновой |d 2018 | |
| 463 | 1 | |0 (RuTPU)RU\TPU\conf\26930 |t Т. 2 : Химия |v [С. 87-89] |d 2018 | |
| 510 | 1 | |a Modification of carbon-containing electrodes by aryldiase soils by voltamprometry |z eng | |
| 610 | 1 | |a электронный ресурс | |
| 610 | 1 | |a труды учёных ТПУ | |
| 610 | 1 | |a модификация | |
| 610 | 1 | |a электроды | |
| 610 | 1 | |a вольтамперометрия | |
| 610 | 1 | |a электродные материалы | |
| 610 | 1 | |a поверхностная модификация | |
| 610 | 1 | |a твердые электроды | |
| 700 | 1 | |a Гусар |b А. О. |c химик |c инженер Томского политехнического университета |f 1992- |g Анна Олеговна |2 stltpush |3 (RuTPU)RU\TPU\pers\41358 | |
| 702 | 1 | |a Дорожко |b Е. В. |c химик |c инженер Томского политехнического университета |f 1979- |g Елена Владимировна |2 stltpush |4 727 | |
| 712 | 0 | 2 | |a Национальный исследовательский Томский политехнический университет |b Инженерная школа природных ресурсов |b Отделение химической инженерии |h 8085 |2 stltpush |3 (RuTPU)RU\TPU\col\23513 |
| 801 | 2 | |a RU |b 63413507 |c 20181005 |g RCR | |
| 856 | 4 | |u http://earchive.tpu.ru/handle/11683/50722 | |
| 942 | |c BK | ||